000 00417nam a22001817a 4500
001 00028777
005 20260414150848.0
008 260414b ag ||||| |||| 00| 0 spa d
020 _a9788447392889
040 _bspa
_cAR-CcCEOS
080 _a935
090 _bPER
245 _aPersépolis
260 _aBarcelona :
_bGredos,
_c2018.
300 _a94 p. ;
_c27x23 cm.
650 0 _ahistoria
942 _2udc
_cBK
999 _c28812
_d28812
945 _a66467
_bMelina Rolando
_c66467
_dMelina Rolando